| 000 | 00476nam a2200157 a 4500 | ||
|---|---|---|---|
| 001 | 3443 | ||
| 003 | CDMR | ||
| 005 | 20130802130652.0 | ||
| 008 | 130130s2005||||||||||||||||||||||||||||d | ||
| 040 |
_aCDMR _bcat _cCPC LLEIDA |
||
| 110 | 2 |
_aAsociación de la Prensa de Madrid _987 |
|
| 245 | 1 | 0 |
_aSin fuentes, ¿qué nos queda? _cAsociación de la Prensa de Madrid |
| 260 |
_aMadrid _c2005 _bAsociación de la Prensa de Madrid |
||
| 490 | 0 | _aCuadernos de Periodistas | |
| 942 |
_cMON _2udc |
||
| 999 |
_c3443 _d3443 |
||